[Event "Astana Zhuldyzdary op-A"]
[Site "Astana"]
[Date "2023.07.14"]
[Round "5"]
[White "Amirkul, Alimzhan"]
[Black "Zverev, Lev"]
[Result "0-1"]
[WhiteElo "1975"]
[BlackElo "2319"]
[PlyCount "88"]
[EventDate "2023.07.11"]
[EventType "swiss"]
[EventRounds "10"]
[EventCountry "KAZ"]
[SourceTitle "CBM 215 Extra"]
[Source "ChessBase"]
[SourceDate "2023.09.30"]
[SourceVersion "1"]
[SourceVersionDate "2023.09.30"]
[SourceQuality "1"]

1. e4 c5 2. Nf3 d6 3. d4 cxd4 4. Nxd4 Nf6 5. Nc3 a6 6. Be3 e5 7. Nb3 Be6 8. f3 h5 9. Qd2 Nbd7 10. Nd5 Bxd5 11. exd5 g6 12. Be2 Bg7 13. 0-0 0-0 14. a4 e4 15. fxe4 Re8 16. Bf3 Qc7 17. Qf2 Ne5 18. Bb6 Qd7 19. Bd4 Re7 20. a5 Rae8 21. Rae1 Qc8 22. Qd2 h4 23. Nc1 h3 24. Nd3 Nfd7 25. Nxe5 Nxe5 26. Bxe5 Bxe5 27. c3 Qc5+ 28. Kh1 hxg2+ 29. Qxg2 Qxa5 30. Re2 Qc7 31. Ref2 Bg7 32. h4 Qc4 33. h5 Rxe4 34. Bxe4 Rxe4 35. Rf3 Rg4 36. Qf2 Qxd5 37. Qh2 Rg5 38. Qf4 Rf5 39. Qe3 Rxh5+ 40. Kg1 Re5 41. Qd3 Rg5+ 42. Kf2 Qb3 43. Qd2 Bh6 44. Qxd6 Qc2+ 0-1

[Event "Astana Zhuldyzdary op-A"]
[Site "Astana"]
[Date "2023.07.12"]
[Round "3"]
[White "Khamit, Daulet"]
[Black "Amirkul, Alimzhan"]
[Result "0-1"]
[WhiteElo "1822"]
[BlackElo "1975"]
[PlyCount "62"]
[EventDate "2023.07.11"]
[EventType "swiss"]
[EventRounds "10"]
[EventCountry "KAZ"]
[SourceTitle "CBM 215 Extra"]
[Source "ChessBase"]
[SourceDate "2023.09.30"]
[SourceVersion "1"]
[SourceVersionDate "2023.09.30"]
[SourceQuality "1"]

1. d4 Nf6 2. Bf4 e6 3. e3 d5 4. Nf3 Be7 5. Nbd2 0-0 6. Bd3 b6 7. Ne5 Bb7 8. Qf3 Nbd7 9. g4 Nxe5 10. dxe5 Nd7 11. Qh3 g6 12. Nf3 f6 13. 0-0-0 fxe5 14. Nxe5 Nxe5 15. Bxe5 Bd6 16. g5 Qe7 17. Bf6 Rxf6 18. gxf6 Qxf6 19. Rhg1 e5 20. e4 d4 21. f3 Rf8 22. Rg3 Bc8 23. Bc4+ Kg7 24. Qg2 Qf4+ 25. Kb1 Be7 26. Rg1 Qh6 27. h4 Bxh4 28. Rh1 Qf4 29. Rg4 Bxg4 30. Rxh4 Qxf3 31. Qd2 Qd1+ 0-1

[Event "Asian Continental op 20th"]
[Site "Almaty"]
[Date "2023.06.04"]
[Round "1"]
[White "Urazayev, Arystanbek"]
[Black "Amirkul, Alimzhan"]
[Result "1/2-1/2"]
[WhiteElo "2436"]
[BlackElo "1934"]
[PlyCount "82"]
[EventDate "2023.06.04"]
[EventType "swiss"]
[EventRounds "9"]
[EventCountry "KAZ"]
[SourceTitle "CBM 214 Extra"]
[Source "ChessBase"]
[SourceDate "2023.07.31"]
[SourceVersion "1"]
[SourceVersionDate "2023.07.31"]
[SourceQuality "1"]

1. e4 c5 2. Nf3 Nc6 3. Bb5 e5 4. 0-0 Bd6 5. c3 a6 6. Ba4 b5 7. Bc2 Nge7 8. d3 0-0 9. Be3 Ng6 10. a4 Rb8 11. Bb3 Be7 12. Bd5 Qc7 13. h4 d6 14. h5 Nf4 15. Bxf4 exf4 16. axb5 axb5 17. Qd2 Ne5 18. Qxf4 Nxd3 19. Qd2 c4 20. Nd4 Bd7 21. Na3 Bf6 22. h6 g6 23. b3 Bxd4 24. cxd4 Be6 25. bxc4 bxc4 26. Qg5 Qd8 27. Qxd8 Rbxd8 28. Bxe6 fxe6 29. Nxc4 d5 30. exd5 Rxd5 31. Ra7 Rh5 32. Rg7+ Kh8 33. Re7 Nf4 34. g3 Ne2+ 35. Kg2 Nxd4 36. Rd1 Nf5 37. Rf7 Kg8 38. Rxf8+ Kxf8 39. f4 Nxh6 40. Ne5 Nf5 41. Rd8+ Kg7 1/2-1/2

[Event "Wch U08"]
[Site "Batumi"]
[Date "2016.10.27"]
[Round "8"]
[White "Kolesov, Gordey"]
[Black "Amirkul, Alimzhan"]
[Result "1-0"]
[WhiteElo "1643"]
[BlackElo "1260"]
[PlyCount "43"]
[EventDate "2016.10.19"]
[EventType "swiss"]
[EventRounds "11"]
[EventCountry "GEO"]
[SourceTitle "CBM 175 Extra"]
[Source "ChessBase"]
[SourceDate "2016.12.12"]
[SourceVersion "1"]
[SourceVersionDate "2016.12.12"]
[SourceQuality "1"]

1. e4 c5 2. Nf3 Nc6 3. d3 Nf6 4. g3 d6 5. Bg2 g6 6. 0-0 Bg7 7. Nbd2 e5 8. Re1 0-0 9. Nf1 Nd4 10. c3 Nxf3+ 11. Bxf3 h6 12. Be3 g5 13. Qc2 Ng4 14. Qe2 h5 15. Rad1 f5 16. exf5 Bxf5 17. h3 Nxe3 18. Nxe3 Bxh3 19. Bd5+ Kh7 20. Qxh5+ Bh6 21. Qxh3 Rf6 22. Ng4 1-0

[Event "Wch U08"]
[Site "Batumi"]
[Date "2016.10.24"]
[Round "6"]
[White "Colev, Ivor"]
[Black "Amirkul, Alimzhan"]
[Result "0-1"]
[WhiteElo "1431"]
[BlackElo "1260"]
[PlyCount "47"]
[EventDate "2016.10.19"]
[EventType "swiss"]
[EventRounds "11"]
[EventCountry "GEO"]
[SourceTitle "CBM 175 Extra"]
[Source "ChessBase"]
[SourceDate "2016.12.12"]
[SourceVersion "1"]
[SourceVersionDate "2016.12.12"]
[SourceQuality "1"]

1. e4 c5 2. Nf3 Nc6 3. d4 cxd4 4. Nxd4 Qb6 5. Nb3 Nf6 6. Nc3 e6 7. Be3 Qc7 8. Bd3 a6 9. 0-0 Be7 10. f4 d6 11. Qe2 Nb4 12. a3 Nxd3 13. cxd3 Bd7 14. Rac1 Qd8 15. Qf2 Ng4 16. Qf3 Nxe3 17. Qxe3 0-0 18. Ne2 e5 19. Kh1 Bg4 20. Rc2 a5 21. fxe5 Bg5 22. Qf2 dxe5 23. Qg3 Bxe2 24. Rxe2 0-1